Memoria passionis: una evocación provocadora en una sociedad pluralista

Saved in:
Bibliographic Details
Main Author: Metz, Johann Baptist (autor)
Format: Book
Language:Spanish
Published: Santander Editorial Sal Terrae 2007
Edition:1a. ed
Series:Colección Presencia Teológica, 154
Subjects:
Tags: Add Tag
No Tags, Be the first to tag this record!

MARC

LEADER 00000cam a2200000 a 4500
001 UCC0217
003 CL-VaPUC
008 170721e20070000sp |||||||||||||||||spa|d
020 |a 9788429316919 
082 0 4 |a 230  |b BAP  |2 21 
100 |a Metz, Johann Baptist  |e autor  |9 523026 
245 1 0 |a Memoria passionis: una evocación provocadora en una sociedad pluralista 
250 |a 1a. ed 
300 |a 271 p 
942 |c BK 
945 |d 20170721 23:48:00  |a arojas 
260 |a Santander  |b Editorial Sal Terrae  |c 2007 
650 0 |a Teología cristiana  |9 308336 
650 0 |a Creencia Religiosa  |9 316904 
650 7 |a PLURALISMO SOCIAL  |2 CL-VaPUC  |9 377485 
583 |a last modification  |c 20170721 23:48:00  |k Rodrigo Vera 
490 0 |a Colección Presencia Teológica, 154 
999 |c 369113  |d 369111 
952 |0 0  |1 0  |3 erb  |4 0  |6 230_000000000000000_BAP_2007  |7 0  |8 A  |9 484670  |a BIBTEO  |b BIBTEO  |i 5410223  |o 230 BAP 2007  |p 5410223  |r 2025-01-17  |w 2019-11-24  |y BK  |z Catalogado en:20170721  |k ICR